Fr. Conceicao Rodrigues College of Engineering

Microcomputer system (Record no. 17991)

MARC details
000 -LEADER
fixed length control field 00389nam a2200181Ia 4500
082 ## - DEWEY DECIMAL CLASSIFICATION NUMBER
Classification number 004.256/LIU
Item number LIU
100 ## - MAIN ENTRY--PERSONAL NAME
Personal name Liu Yu Cheng
250 ## - EDITION STATEMENT
Edition statement 2
245 ## - TITLE STATEMENT
Title Microcomputer system
260 ## - PUBLICATION, DISTRIBUTION, ETC.
Name of publisher, distributor, etc. Prentice Hall of India
Place of publication, distribution, etc. New Delhi
Date of publication, distribution, etc. 2008
366 ## - TRADE AVAILABILITY INFORMATION
Publishers's discount category 20
300 ## - PHYSICAL DESCRIPTION
Extent 623
546 ## - LANGUAGE NOTE
Language note ENGLISH
650 ## - SUBJECT ADDED ENTRY--TOPICAL TERM
Topical term or geographic name entry element Microcomputer
654 ## - SUBJECT ADDED ENTRY--FACETED TOPICAL TERMS
Focus term microcomputer
942 ## - ADDED ENTRY ELEMENTS (KOHA)
Koha item type BOOK
Holdings
Withdrawn status Lost status Damaged status Not for loan Collection Home library Current library Date acquired Source of acquisition Cost, normal purchase price Inventory number Total Checkouts Full call number Barcode Date last seen Cost, replacement price Price effective from Koha item type
        CRC Fr. Agnel's C.Rodrigues College of Engineering Fr. Agnel's C.Rodrigues College of Engineering 17/03/2023 Professional Book House. 255.00 562 dt 25/03/2008   004.256/LIU LIU 18585 04/08/2025 275.00   BOOK